| 000 | 02292nam0a2200421 4500 | ||
|---|---|---|---|
| 001 | RU\NLR\BIBL_A\022682897 | ||
| 005 | 20260420061232.0 | ||
| 010 |
_a978-5-00255-273-3 _9100 |
||
| 021 |
_aRU _bКН-П-25-065633 _9КН-П-25-6353 |
||
| 035 | _a(NLR Aleph) 022682897 | ||
| 090 |
_a13686700 _c13686700 |
||
| 100 | _a20251209d2025 u y0rusy50 ca | ||
| 101 | 0 | _arus | |
| 102 | _aRU | ||
| 105 | _aa z 110zy | ||
| 181 | 0 |
_ai3 _baxxe |
|
| 182 | 0 | _an | |
| 200 | 1 |
_aСила памяти _eсборник произведений и воспоминаний писателей, поэтов и жителей города Югорска, посвященный 80-летию Великой Победы _fЛитературно-творческое объединение города Югорска Элегия _gсост.: О. Н. Валинурова, В. А. Каданцев _gредакционный совет: В. А. Каданцев [и др.] |
|
| 203 |
_aТекст _bвизуальный _cнепосредственный |
||
| 210 |
_aНовокузнецк _cСоюз писателей _d2025 |
||
| 215 |
_a182, [1] с. _cил., цв. ил. _d22 |
||
| 225 | 1 | _aБиблиотеки Югорска | |
| 300 | _aНа обл.: Победа! 80; 80-летию Великой Победы посвящ. | ||
| 327 | 1 | _aВ кн. также: рисунки участников конкурса "Короткое детство" | |
| 606 | 1 |
_aВеликая Отечественная война _xв художественной литературе _z1941 - 1945 _91237620 _3RU\NLR\AUTH\66187768 |
|
| 686 | 2 | _aШ6(2=Р)8-94 | |
| 686 | 2 | _aШ6(2=Р)8-999 | |
| 702 | 1 |
_aВалинурова _bО. Н. _f1960- _gОльга Николаевна _4220 |
|
| 702 | 1 |
_aКаданцев _bВ. А. _f1944- _gВалерий Алексеевич _4340 |
|
| 711 | 1 | 2 |
_a"Короткое детство", конкурс _eЮгорск _f2025 _92690665 _3RU\NLR\AUTH\880636726 |
| 712 | 0 | 2 |
_4570 _a"Элегия", литературно-творческое объединение _cЮгорск _9717692 _3RU\NLR\AUTH\880528042 |
| 942 | _cBOOK | ||
| 980 | _aNB | ||